000 00320nam a22001337a 4500
008 170629b xxu||||| |||| 00| 0 eng d
020 _a9780132346429
041 _aeng
080 _23 ED
_a05
100 _a22
101 _aGJL
245 _aPRENTICE HALL GUIDE TO GRAMAR AND USAGE
_cHARRIS.M
942 _2udc
_cBK
999 _c19455
_d19455